A rebours de J.-K. Huysmans

שמור ב:
מידע ביבליוגרפי
מחבר ראשי: Grojnowski, Daniel
פורמט: ספר
שפה:Undetermined
יצא לאור: Francia Gallimard 1996
נושאים:
תגים: הוספת תג
אין תגיות, היה/י הראשונ/ה לתייג את הרשומה!

MARC

LEADER 00000nam a2200000Ia 4500
008 170316s9999 xx 000 0 und d
040 |a cru BVZT 
090 |a C-840 G-8a 
100 |a Grojnowski, Daniel 
245 2 |a A rebours de J.-K. Huysmans 
260 |a Francia 
260 |b Gallimard 
260 |c 1996 
300 |a 182 páginas 
650 |a LITERATURA FRANCESA 
650 |a CRÍTICA 
999 |c 12980  |d 12980 
942 |c 15 D  |h C-840 G-8a  |2 z